Państwa bez litery A - Statystyki

Ogólne statystyki
  • Ten quiz został rozwiązany 3 520 razy
    2 723 od ostatniego zresetowania
  • Średni wynik to 16 z 31
Odpowiedzi na mapie
Odpowiedzi zakodowano w zielono-czerwonej skali na mapie do tego quizu, zgodnie z poniższymi procentami.
 
Statystyki odpowiedzi
Kraj % Poprawnych
Chiny
80%
Chile
75%
Meksyk
74%
Indie
73%
Niemcy
72%
Włochy
71%
Peru
70%
Egipt
69%
Czechy
66%
Jemen
56%
Cypr
55%
Kosowo
53%
Luksemburg
52%
Węgry
52%
Niger
51%
Liechtenstein
47%
Filipiny
46%
Fidżi
44%
Kongo
44%
Togo
44%
Belize
42%
Lesotho
41%
Seszele
40%
Benin
38%
Kuwejt
37%
Dżibuti
35%
Komory
32%
Wybrzeże Kości Słoniowej
32%
Brunei
31%
Burundi
30%
Timor Wschodni
25%
Nie znaleziono quizów pasujących do podanych kryteriów
Rozkład punktacji
Procent ludzi z każdym wynikiem
Percentyl według liczby udzielonych odpowiedzi
Twoja historia wyników
Nie rozwiązałeś tego quizu od ostatniego zresetowania